Historia económica mundial (Registro nro. 3700)
[ vista simple ]
| 000 -LEADER | |
|---|---|
| fixed length control field | 02299 a2200217 4500 |
| 001 - CONTROL NUMBER | |
| control field | 43568 |
| 005 - DATE AND TIME OF LATEST TRANSACTION | |
| control field | 20260407155717.0 |
| 008 - FIXED-LENGTH DATA ELEMENTS--GENERAL INFORMATION | |
| fixed length control field | 260407a1970 arg spa d |
| 003 - CONTROL NUMBER IDENTIFIER | |
| control field | AR-UNSa-BCEJYS |
| 040 ## - CATALOGING SOURCE | |
| Original cataloging agency | AR-UNSa-BCEJYS |
| Language of cataloging | spa |
| Transcribing agency | AR-UNSa-BCEJYS |
| 080 ## - UNIVERSAL DECIMAL CLASSIFICATION NUMBER | |
| Universal Decimal Classification number | 94:33 |
| Common auxiliary subdivision | Historia económica |
| 041 ## - LANGUAGE CODE | |
| Language code of text/sound track or separate title | spa |
| 100 1# - MAIN ENTRY--PERSONAL NAME | |
| Personal name | Vazquez de Prada, Valentin |
| 245 10 - TITLE STATEMENT | |
| Title | Historia económica mundial |
| 250 ## - EDITION STATEMENT | |
| Edition statement | 3a. ed. |
| 264 #1 - PRODUCTION, PUBLICATION, DISTRIBUTION, MANUFACTURE, AND COPYRIGHT NOTICE | |
| Place of production, publication, distribution, manufacture | Madrid : |
| Name of producer, publisher, distributor, manufacturer | Ediciones Rialp |
| Date of production, publication, distribution, manufacture, or copyright notice | 1970 |
| 300 ## - PHYSICAL DESCRIPTION | |
| Extent | 446 p. |
| Dimensions | 23 cm. |
| 505 ## - FORMATTED CONTENTS NOTE | |
| Formatted contents note | Vol. I - Prehistoria y mundo antiguo: - 1. Las civilizaciones prehistóricas - 2. Principales civilizaciones en la edad del bronce - 3. Las civilizaciones del hierro - 4. La Grecia clásica - 5. La economía en la época helenística - 6. El mundo económico romano - La edad media: Primera parte: Economía rural. siglo V-XI: - 7. La explotación y la producción agrícola - 8. El comercio y la industria - Segunda parte: Economía urbana. Siglo XI-XV: - 9. La economía urbana - 10. La evolución demográfica - 11. Progreso y crisis agrícola - 12. LA producción industrial - 13. La organización del trabajo - 14. El comercio internacional. Rutas, transporte y organización - 15. Los centros y las direcciones del comercio internacional - 16. Las compañías mercantiles - 17. Régimen y circulación monetaria - 18. Los instrumentos de pago y crédito - 19. Instituciones crediticias y bancarias - 20. Evolución de la conyuntura económica - 21. La mentalidad económica medieval - Edad moderna: Primera parte: El capitalismo comercial - 22. La primera época capitalista - 23. El marco político y doctrinal de la nueva época - 24. Las estructuras y movilidad demográficas - 25. La estructura y la producción agrícola - 26. El comercio colonial - 27. El comercio europeo. Rutas, puertos, tráficos - 28. La producción industrial. Técnica, organización, repartición geográfica - 29. Firmas capitalistas y sociedades por acciones - 30. La circulación monetaria. Moneda metálica e instrumentos de crédito - 31. Las instituciones bancarias - 32. El mercado financiero. Ferias y bolsas - 33. La hacienda y el crédito estatal. La deuda pública - 34. La tendencia coyuntural. Precios, salarios, situación social |
| 590 ## - LOCAL NOTE (RLIN) | |
| Local note | niveau_biblio:m niveau_hierar:0 |
| 942 ## - ADDED ENTRY ELEMENTS (KOHA) | |
| Koha item type | |
| Withdrawn status | Lost status | Damaged status | Not for loan | Home library | Current library | Shelving location | Date acquired | Total checkouts | Full call number | Barcode | Date last seen | Price effective from | Koha item type |
|---|---|---|---|---|---|---|---|---|---|---|---|---|---|
| Biblioteca Prof. Eusebio Cleto del Rey | Biblioteca Prof. Eusebio Cleto del Rey | 07/04/2026 | 94:33 V393 v.1 3ed. | L24292 | 07/04/2026 | 07/04/2026 | Libro |